Случаят "Аляска Сандърс" (Запис номер 492139)
[ съкратено ]
| 000 -Лидер | |
|---|---|
| Контролно поле с фиксирана дължина | 01268nam a2200277 a 4500 |
| 003 - Код на организацията, давaща контролен номер | |
| Контролно поле | BLK |
| 005 - Дата и час на последна редакция | |
| Контролно поле | 20250726101436.0 |
| 008 - Елементи от данни с фиксирана дължина | |
| fixed length control field | 210721b bul|||||r ||||||| ||bul|| |
| 020 ## - Международен стандартен номер на книга ISBN | |
| Международен стандартен номер на книга ISBN | 9786190211785 |
| 040 ## - Източник на каталожния запис | |
| Идентификатор на билиотеката - собственик на записа | BLK |
| 041 ## - Код за език | |
| Код за езика на текст/звукозапис или на отделно заглавие | Български |
| Код за езика КДБФ | Български |
| 080 ## - УДК | |
| Текстов определител УДК | Швейцарска литература на френски език |
| УДК код - определител по УДК | 821.133.1(494) |
| УДК определител | -312.4 |
| УДК - код + определител | 821.133.1(494)-312.4 |
| 100 1# - Редна дума - Автор | |
| Автор | Дикер, Жоел |
| Дати, свързани с автора | 1985 - |
| Авторска отговорност | първи автор |
| R(LIN) | 61431 |
| 139 ## - Редно поле | |
| Редна дума | Дикер, Жоел |
| Авторски знак | Ди - Д 53 |
| 245 10 - Сведения за заглавието | |
| Заглавие | Случаят "Аляска Сандърс" |
| Подзаглавни данни | Роман |
| Редно поле (дума) | Жоел Дикер ; прев. от фр. Красимир Петров. |
| 257 ## - Страна на издаване | |
| Страна на създаване/издаване | Швейцария |
| 260 ## - Област на издателските данни | |
| Място на издаване, разпространение и проч. | София |
| Име на издателя, разпространителя и проч. | Колибри |
| Година на издаване | 2023 |
| Печатница | Костинброд : Мултипринт |
| 300 ## - Физическа характеристика | |
| Страници | 528 с. |
| Размери/Мащаб | 22 см |
| 380 ## - Жанр | |
| Жанр | Худож. лит. |
| 500 ## - Общи забележки | |
| Забележка | Ориг. загл.: L' Affaire Alaska Sanders / Joël Dicker. - Биогр. данни за авт. отбелязани на гърба на кор. - Ч. 3 от трилогията за Маркъс Голдман. |
| 700 1# - Други автори (авторска отговорност) | |
| Лично име | Петров, Красимир Тодоров |
| Автороска отговорност (Описва отношението между автора и произведението) | прев. от фр. |
| 9 (RLIN) | 364448 |
| 852 ## - Местоположение | |
| Форматна сигнатура | Цб 318188 |
| Фондова буква | Хранилище |
| 856 ## - Електронен адрес и достъп | |
| Инструкция (цена за достъп) | 0.00 |
| Права за достъп | disable |
| 942 ## - АРТИКУЛИ | |
| Вид на библиотечния материал | Книги |
| Скрит в OPAC | Не |
| Периодичен библиозапис | Да |
| Koha issues (borrowed), all copies | 37 |
| 944 ## - СЪЗДАВАНЕ И РЕДАКЦИЯ на ЗАПИСА | |
| Създаване/Редакция | Създаване |
| Служител, извършил регистрацията/редакцията | 30575 |
| Статус, дата на статуса | Мартин Енчев |
| 999 ## - СИСТЕМНИ КОНТРОЛНИ НОМЕРА | |
| Koha biblionumber | 492139 |
| Koha biblioitemnumber | 492139 |
| Код за отписване | Код за изгубен артикул | Източник на класификационната схема | Код за повреда | Коз за рестрикции | Код за отдаване | Артикулен № | Име на библиотеката - собственик | Име на библиотеката, в която се намира в момента | Статус (Текущо местоположение) | Дата на вписване в системата | Местоположение - отдел | Цена в лева | Инвентарен номер | Систематично азбучна сигнатура | Баркод | Цена в евро | Служебен тип на артикула |
|---|---|---|---|---|---|---|---|---|---|---|---|---|---|---|---|---|---|
| Не е изгубен | Universal Decimal Classification | Не е повреден | само за читалня | ползва се в читалня | 929453 | Регионална библиотека "Любен Каравелов" Русе | Регионална библиотека "Любен Каравелов" Русе | Хранилище | 2023-07-11 | Хранилище | 25.00 | 120000888969 | Цб 318188 | 120000888969 | 12.78 | Книги | |
| Не е изгубен | Universal Decimal Classification | Не е повреден | заемане за дома | 936504 | Регионална библиотека "Любен Каравелов" Русе | Регионална библиотека "Любен Каравелов" Русе | Заемна - подръчен фонд | 2023-11-10 | Заемна - подръчен фонд | 16.25 | 120000895568 | 821-31/Д 53 Ж | 120000895568 | 8.31 | Книги | ||
| Не е изгубен | Universal Decimal Classification | Не е повреден | заемане за дома | 936505 | Регионална библиотека "Любен Каравелов" Русе | Регионална библиотека "Любен Каравелов" Русе | Заемна - подръчен фонд | 2023-11-10 | Заемна - подръчен фонд | 16.25 | 120000895569 | 821-31/Д 53 Ж | 120000895569 | 8.31 | Книги |